000 00675nam a2200229 i 4500
001 123046
003 ES-MaACL
005 20250712063127.0
007 t|
008 070214s1973 sp r ||||0| spa d
020 _a84-253-0272-2
080 _a821.111(73)-31"19"
080 _a929 Puzo, Mario
100 _aPuzo, Mario,
_d1920-1999
_9237673
245 1 4 _aLos documentos de "El padrino" y otras confesiones /
_cMario Puzo ; traducción de Ángel Arnau.
250 _a1ª ed.
260 _aBarcelona :
_bGrijalbo,
_c1973.
300 _a326 p :
_bil ;
_c20 cm.
700 1 _aArnau, Angel.
_923047
852 4 _aES-MaACL
_jC-52559
999 _c123046
_d123046